Effect of organic fertilizers on frenchbean in the crop station of the royal university of agriculture,(ឥទ្ធិពលជីធម្មជាតិទៅលើដំណាំសណ្ដែកបារំាងក្នុងលក្ខខណ្ឌសាកលវិទ្យាល័យភូមិន្ទកសិកម្ម) (Record no. 1058)

000 -LEADER
fixed length control field 00665nam a22001457a 4500
003 - CONTROL NUMBER IDENTIFIER
control field OSt
005 - DATE AND TIME OF LATEST TRANSACTION
control field 20150922135459.0
008 - FIXED-LENGTH DATA ELEMENTS--GENERAL INFORMATION
fixed length control field 150922b xxu||||| |||| 00| 0 eng d
040 ## - CATALOGING SOURCE
Transcribing agency RUA
082 ## - DEWEY DECIMAL CLASSIFICATION NUMBER
Classification number AGR PHU 2007 B035 Or.1
100 ## - MAIN ENTRY--PERSONAL NAME
9 (RLIN) 1105
Personal name PHUONG KESNY
245 ## - TITLE STATEMENT
Title Effect of organic fertilizers on frenchbean in the crop station of the royal university of agriculture,(ឥទ្ធិពលជីធម្មជាតិទៅលើដំណាំសណ្ដែកបារំាងក្នុងលក្ខខណ្ឌសាកលវិទ្យាល័យភូមិន្ទកសិកម្ម)
300 ## - PHYSICAL DESCRIPTION
Extent xiv,51p.
Dimensions ill.
Size of unit 29cm.
942 ## - ADDED ENTRY ELEMENTS (KOHA)
Source of classification or shelving scheme
Koha item type AGR
Holdings
Price effective from Date last seen Permanent Location Not for loan Date acquired Source of classification or shelving scheme Koha item type Barcode Lost status Damaged status Shelving location Withdrawn status Current Location Full call number
2015-09-222015-09-22Library Block B 2015-09-22 AGRRUA002801  B035 Library Block BAGR PHU 2007 B035 Or.1
2015-09-222015-09-22Library Block B 2015-09-22 AGRRUA002883  B035 Library Block BAGR PHU 2007 B035 Or.2
2018-12-242018-12-24Library Block B 2018-12-24 AGRA41174  B1.194 Library Block BAGR PHU 2007 B1.194 Or.1
មជ្ឈមណ្ឌលឯការនៃសាកលវិទ្យាល័យភូមិន្ទកសិកម្មចំការដូង

Powered by Koha